Junior Organisation (Record no. 116418)

MARC details
000 -LEADER
fixed length control field 00663cam a22002055a 4500
001 - CONTROL NUMBER
control field L140677
008 - FIXED-LENGTH DATA ELEMENTS--GENERAL INFORMATION
fixed length control field 071004n xxk eng u
035 ## - SYSTEM CONTROL NUMBER
System control number (Sirsi) u140677
041 0# - LANGUAGE CODE
Language code of text/sound track or separate title eng
110 2# - MAIN ENTRY--CORPORATE NAME
Corporate name or jurisdiction name as entry element Royal Institution of Chartered Surveyors
Subordinate unit Junior Organisation
9 (RLIN) 1458
245 00 - TITLE STATEMENT
Title Junior Organisation
Remainder of title residential course on partnerships
Medium [manuscript]
260 ## - PUBLICATION, DISTRIBUTION, ETC.
Date of publication, distribution, etc. n.d.
300 ## - PHYSICAL DESCRIPTION
Extent 1 folder
Dimensions 35 x 22 cm.
340 ## - PHYSICAL MEDIUM
Material base and configuration Photocopy
351 ## - ORGANIZATION AND ARRANGEMENT OF MATERIALS
Hierarchical level Single item
500 ## - GENERAL NOTE
General note Folder containing photocopied typescript notes for a course on partnerships run by the Junior Organisation.
651 4# - SUBJECT ADDED ENTRY--GEOGRAPHIC NAME
Geographic name United Kingdom
Chronological subdivision
690 ## - LOCAL SUBJECT ADDED ENTRY--TOPICAL TERM (OCLC, RLIN)
Topical term or geographic name as entry element ABOUT RICS
942 ## - ADDED ENTRY ELEMENTS (KOHA)
Suppress in OPAC 0
Holdings
Withdrawn status Lost status Source of classification or shelving scheme Damaged status Not for loan Home library Current library Shelving location Date acquired Total Checkouts Full call number Barcode Date last seen Copy number Price effective from Koha item type
    Dewey Decimal Classification     London London Basement 04/10/2007   BASEMENT BOX 3 140677-1001 06/08/2019 1 06/08/2019 Archive